Russell Group Universities - Statistics

General Stats
  • This quiz has been taken 88 times
  • The average score is 20 of 24
Answer Stats
Answer % Correct
University of Cambridge
99%
University of Oxford
99%
University College London
93%
University of Edinburgh
93%
University of Bristol
90%
Durham University
89%
University of Manchester
89%
King's College London
88%
University of Leeds
88%
Newcastle University
86%
University of Glasgow
86%
Cardiff University
85%
Imperial College London
85%
University of Birmingham
85%
University of Liverpool
85%
University of Nottingham
85%
London School of Economics
81%
University of Southampton
79%
University of Sheffield
76%
University of Warwick
75%
University of Exeter
71%
University of York
71%
Queen's University Belfast
60%
Queen Mary University of London
57%
No matching quizzes found
Score Distribution
Percent of People with Each Score
Percentile by Number Answered
Your Score History
You have not taken this quiz